LEADER 01931nas 2200661- 450 001 996302950403316 005 20210913213021.0 035 $a(OCoLC)727660032 035 $a(CKB)2660000000008813 035 $a(CONSER)--2013247770 035 $a(DE-599)ZDB2673412-6 035 $a(MiFhGG)5UBD 035 $a(MiAaPQ)3933199 035 $a(EXLCZ)992660000000008813 100 $a20101018a20119999 --- - 101 0 $aeng 135 $aur||||||||||| 181 $ctxt$2rdacontent 182 $cc$2rdamedia 183 $acr$2rdacarrier 200 00$aBlood and lymphatic cancer $etargets and therapy 210 1$a[Auckland, N.Z.] :$cDove Medical Press,$d[2011]- 215 $a1 online resource 300 $aRefereed/Peer-reviewed 311 $a1179-9889 531 10$aBlood Lymphat Cancer 531 1 $aBlood lymphat. cancer 606 $aBlood$xDiseases$vPeriodicals 606 $aLeukemia$vPeriodicals 606 $aMultiple myeloma$vPeriodicals 606 $aLymphomas$vPeriodicals 606 $aHematology 606 $aLeukemia, Lymphoid 606 $aLymphatic Metastasis 606 $aOncology$2ebps 606 $aBlood$xDiseases$2fast$3(OCoLC)fst00834579 606 $aLeukemia$2fast$3(OCoLC)fst00996894 606 $aLymphomas$2fast$3(OCoLC)fst01004321 606 $aMultiple myeloma$2fast$3(OCoLC)fst01028990 608 $aPeriodical. 608 $aPeriodicals.$2fast 615 0$aBlood$xDiseases 615 0$aLeukemia 615 0$aMultiple myeloma 615 0$aLymphomas 615 12$aHematology. 615 12$aLeukemia, Lymphoid. 615 12$aLymphatic Metastasis. 615 7$aOncology. 615 7$aBlood$xDiseases. 615 7$aLeukemia. 615 7$aLymphomas. 615 7$aMultiple myeloma. 676 $a616.994106 906 $aJOURNAL 912 $a996302950403316 996 $aBlood and lymphatic cancer$92420497 997 $aUNISA LEADER 03876nam 22008773 450 001 9910946916703321 005 20241230084507.0 010 $a9783839475133 010 $a3839475139 024 7 $a10.1515/9783839475133 035 $a(CKB)37024064100041 035 $a(MiAaPQ)EBC31861615 035 $a(Au-PeEL)EBL31861615 035 $a(DE-B1597)704485 035 $a(DE-B1597)9783839475133 035 $a(Perlego)4579450 035 $a(OCoLC)1479627984 035 $a(ScCtBLL)5eff00c6-bdd3-4842-9659-e81407437fab 035 $a(EXLCZ)9937024064100041 100 $a20241230d2024 uy 0 101 0 $ager 135 $aur||||||||||| 181 $ctxt$2rdacontent 182 $cc$2rdamedia 183 $acr$2rdacarrier 200 10$aMusic Across the Ocean - Kulturelle Mobilität Im Transatlantischen Raum, 1800-1950 205 $a1st ed. 210 1$aBielefeld :$ctranscript Verlag,$d2024. 210 4$d©2024. 215 $a1 online resource (323 pages) 225 0 $aVernetzen - bewegen - verorten. Kulturwissenschaftliche Perspektiven ;$v5 311 08$a9783837675139 311 08$a3837675130 327 $tFrontmatter -- $tInhalt -- $tVorwort -- $tTemporal Approaches to Transatlantic Music Studies -- $tMusic Across the Ocean -- $tDie Neger in Wien -- $tIn Breach of Civilisation -- $tMusic and Musicians in the French Quarter -- $t»the first statue of art in this country« -- $tA World Within a Room? -- $t»An English Composer Sees America« -- $tTransatlantischer Kontaktraum -- $tMusikalienhandel in Antebellum Boston -- $tEnglish Cosmopolitanism and Postcolonial Anxiety -- $tFranz Liszt Across the Ocean -- $tObsession ?Amerika? -- $tEine musikalische Dreiecksbeziehung -- $tDas Damen-Trompeterkorps Biseras -- $tVom Sound der ?Neuen Welt? zum Sound der ?Heilen Welt? -- $tAutor:innen -- $tAbbildungsverzeichnis 330 $aMusik ist ein Paradebeispiel für transatlantische Mobilität: Die musikhistorischen Verflechtungen zwischen Europa und den USA sind vielfältiger und reichen weiter zurück als bisher von der Forschung berücksichtigt. Menschen, Musiken, Objekte und Ideen wanderten kontinuierlich über den Ozean ? und zwar in beide Richtungen. Die Beiträger*innen nehmen sowohl transatlantische Musikkarrieren und Handelswege als auch den Transfer von kulturellen und ästhetischen Vorstellungen in den Blick. Sie widmen sich außerdem den Räumen, in denen das transatlantische Musikleben verhandelt wurde ? von Konzert- und Theaterbühnen über Musikgeschäfte und Salons bis hin zu Privathäusern und anderen Kontakträumen. 606 $aMUSIC / History & Criticism$2bisacsh 610 $aBühne. 610 $aCareer. 610 $aConcert. 610 $aCultural History. 610 $aEuropa. 610 $aEurope. 610 $aKarriere. 610 $aKlang. 610 $aKonzert. 610 $aKulturgeschichte. 610 $aKuturgeschichte. 610 $aMigration. 610 $aMobility. 610 $aMobilität. 610 $aMusic History. 610 $aMusic. 610 $aMusicology. 610 $aMusik. 610 $aMusikgeschichte. 610 $aMusikgeschäft. 610 $aMusikwissenschaft. 610 $aSound. 610 $aStage. 610 $aTheater. 610 $aTheatre. 610 $aTransatlantik. 610 $aTransfer. 610 $aUSA. 615 7$aMUSIC / History & Criticism. 700 $aBebermeier$b Carola$01800100 701 $aKreutzfeldt$b Clemens$01800101 701 $aUnseld$b Melanie$01800102 701 $aArndt$b Maria$01782233 801 0$bMiAaPQ 801 1$bMiAaPQ 801 2$bMiAaPQ 906 $aBOOK 912 $a9910946916703321 996 $aMusic Across the Ocean - Kulturelle Mobilität Im Transatlantischen Raum, 1800-1950$94344656 997 $aUNINA